| 000 | 00622nam a2200217 a 4500 | ||
|---|---|---|---|
| 999 |
_c1782 _d1782 |
||
| 001 | 1782 | ||
| 003 | BD-JhCC | ||
| 005 | 20171024164540.0 | ||
| 008 | 171024s1981 bg |||| ||a| 000 0 ben d | ||
| 035 | _a(BD-JhCC)1782 | ||
| 040 |
_aBD-JhCC _dBD-JhCC |
||
| 041 | _aben | ||
| 082 |
_a891.443 _bKAR 1981 |
||
| 100 | _aকরীম, রশীদ | ||
| 245 |
_aসাধারণ লোকের কাহিনী / _cরশীদ করীম |
||
| 260 |
_aঢাকা : _bসাহিত্য প্রকাশ, _c1981. |
||
| 300 |
_a135 p. : _c21 cm. |
||
| 650 | _aBengali Novel | ||
| 942 |
_2ddc _cBK |
||